कह चकवा.. सुन चकवी/ (Record no. 56093)

MARC details
000 -LEADER
fixed length control field 00925nam a22002177a 4500
005 - DATE AND TIME OF LATEST TRANSACTION
control field 20110830122930.0
010 ## - LCCN (DPL NO)
LC control number G-001106
020 ## - INTERNATIONAL STANDARD BOOK NUMBER
International Standard Book Number 8190295209
Terms of availability 100.00
035 ## - SYSTEM CONTROL NUMBER
System control number G-001106
037 ## - SOURCE OF ACQUISITION
Source of stock number/acquisition उपहार
082 ## - DEWEY DECIMAL CLASSIFICATION NUMBER
Classification number
100 ## - MAIN ENTRY--PERSONAL NAME
Personal name केड़िया, नथमल
245 ## - TITLE STATEMENT
Title कह चकवा.. सुन चकवी/
Statement of responsibility, etc नथमल केड़िया
246 ## - VARYING FORM OF TITLE
Title proper/short title
Remainder of title
260 ## - PUBLICATION, DISTRIBUTION, ETC. (IMPRINT)
Place of publication, distribution, etc जयपुर
Name of publisher, distributor, etc प्रीता प्रकाशन
Date of publication, distribution, etc 2003
270 ## - ADDRESS
Address A-511, Siddharth Nagar, Jawahar Circle
City Jaipur
Postal code 302017
Telephone number 0141-2550591
300 ## - PHYSICAL DESCRIPTION
Extent 80पृ.
Other physical details सचित्र
Dimensions 22 सेमी (अजिल्द)
942 ## - ADDED ENTRY ELEMENTS (KOHA)
Source of classification or shelving scheme Dewey Decimal Classification
Item type Children Books
Classification part
Call number suffix केड़िया
Holdings
Withdrawn status Lost status Not for loan Collection code Home library Current library Date acquired Source of acquisition Cost, normal purchase price Full call number Barcode Copy number Cost, replacement price Koha item type
      Fiction Katevara Katevara 30/08/2011 उपहार 100.00 क केड़िया 8190295209 1 100.00 Children Books

© Delhi Public Library
Hit Counter
free hit counter